LEADER 01142nam0 22003253i 450 001 PUV0168980 005 20251003044311.0 010 $a0442012160 100 $a19940628d1994 ||||0itac50 ba 101 | $aeng$ceng 102 $aus 181 1$6z01$ai $bxxxe 182 1$6z01$an 183 1$6z01$anc$2RDAcarrier 200 1 $aAnalytical sedimentology$fDouglas W. Lewis, David McConchie 210 $aNew York$aLondon$cChapman & Hall$dc1994 215 $aIX, 197 p.$d29 cm 500 10$aAnalytical sedimentology$3CAG2161428$91395955 606 $aSedimentologia$2FIR$3RAVC042066$9E 676 $a552$9PETROLOGIA$v14 700 1$aLewis$b, Douglas W.$3PUVV110386$4070$0719191 701 1$aMcConchie$b, David$3PUVV110387$4070$0719192 801 3$aIT$bIT-000000$c19940628 850 $aIT-BN0095 901 $bNAP 01$cSALA $n$ 912 $aPUV0168980 950 0$aBiblioteca Centralizzata di Ateneo$c1 v.$d 01SALA 552 LEW.an$e 0104 9000004545 VMA 1 v.$fA $h20080212$i20080212 977 $a 01 996 $aAnalytical sedimentology$91395955 997 $aUNISANNIO